000 00872nam0a22002411 4500
001 rc\1013023
005 20260406140444.0
035 _a(NLR Aleph) 006178355
090 _a6038761
_c6038761
100 _a20041129d1981 |||y0rusy50 ca
101 0 _arus
102 _aRU
105 _ay |||||||||
200 1 _aКорма и кормление скота
_e[Сб. статей]
_fЛатв. НИИ животноводства и ветеринарии
_g[Отв. ред. Э.Я. Яунслейнис]
210 _aРига
_cАвотс
_d1981
215 _a111 с.
_d21
702 1 _aЯунслейнис
_bЭ.Я.
_4340
712 0 2 _aЛатвийский НИИ животноводства и ветеринарии
_cРига
_3RU\NLR\AUTH\889919475
_9335155
801 0 _aRU
_bNLR
_gpsbo
801 1 _aRU
_bELAR
_2rusmarc
852 _aNLR
_j81-3/5147
942 _cBOOK
980 _aNB